Normal view MARC view

Entry Personal Name

Number of records used in: 1

001 - CONTROL NUMBER

  • control field: 548089

003 - CONTROL NUMBER IDENTIFIER

  • control field: OSt

005 - DATE AND TIME OF LATEST TRANSACTION

  • control field: 20220930092201.0

008 - FIXED-LENGTH DATA ELEMENTS

  • fixed length control field: 220930|| aca||aabn | a|a d

040 ## - CATALOGING SOURCE

  • Original cataloging agency: OSt
  • Transcribing agency: OSt

100 ## - HEADING--PERSONAL NAME

  • Personal name: Dilipbhai Patel Linaben

670 ## - SOURCE DATA FOUND

  • Source citation: Work cat.: (OSt)883366: Dilipbhai Patel Linaben, Micro neclear cervical cytological abnormalities in women at high risk for cervical carcinoma, 2014
Copyright @ Delhi University Library System